[Event "Titled Tuesday intern op 12th Mar Late"]
[Site "Chess.com INT"]
[Date "2024.03.12"]
[Round "3"]
[White "Lacey, Patrick"]
[Black "Banzea, Alexandru Bogdan"]
[Result "1/2-1/2"]
[WhiteElo "2184"]
[BlackElo "2394"]
[PlyCount "91"]
[EventDate "2024.03.12"]
[EventType "swiss (blitz)"]
[EventRounds "11"]
[EventCountry "USA"]
[SourceTitle "CB12_2024"]
[SourceDate "2023.10.01"]
[SourceVersion "1"]
[SourceVersionDate "2023.10.01"]
[SourceQuality "1"]

1. c4 Nf6 2. Nc3 g6 3. g3 Bg7 4. Bg2 0-0 5. Nf3 d6 6. 0-0 e5 7. d3 c6 8. Rb1 a5 9. a3 h6 10. b4 axb4 11. axb4 Re8 12. Nd2 d5 13. b5 Be6 14. Qc2 Nbd7 15. Bb2 Bf8 16. Ra1 Qc7 17. bxc6 bxc6 18. Rfc1 d4 19. Nce4 Nxe4 20. Nxe4 f5 21. Nd2 Nc5 22. Ba3 Ra7 23. Bxc5 Bxc5 24. Nb3 Rxa1 25. Rxa1 Bb4 26. Ra6 c5 27. Bd5 Qf7 28. Rxe6 Rxe6 29. Qa2 Kg7 30. Bxe6 Qxe6 31. Qa8 e4 32. Kg2 exd3 33. exd3 Qe2 34. Qb7+ Kg8 35. Qd5+ Kg7 36. Nxc5 Bxc5 37. Qxc5 Qxd3 38. Qe5+ Kf7 39. Qd5+ Ke7 40. Qe5+ Kf7 41. Qc7+ Kf6 42. Qd6+ Kf7 43. Qd7+ Kf6 44. Qd6+ Kf7 45. Qd7+ Kf6 46. Qd6+ 1/2-1/2

[Event "Titled Tuesday intern op 13th Jun Late"]
[Site "Chess.com INT"]
[Date "2023.06.13"]
[Round "2"]
[White "Lacey, Patrick"]
[Black "Feng, Eric1111"]
[Result "0-1"]
[WhiteElo "2184"]
[BlackElo "1991"]
[PlyCount "74"]
[EventDate "2023.06.13"]
[EventType "swiss (blitz)"]
[EventRounds "11"]
[EventCountry "USA"]
[SourceTitle "EXT 2024"]
[Source "ChessBase"]
[SourceDate "2023.10.10"]
[SourceVersion "1"]
[SourceVersionDate "2023.10.10"]
[SourceQuality "1"]

1. Nf3 Nf6 2. c4 g6 3. Nc3 Bg7 4. g3 0-0 5. Bg2 d6 6. 0-0 e5 7. d3 Nbd7 8. Rb1 a5 9. a3 c6 10. b4 axb4 11. axb4 d5 12. Bg5 d4 13. Ne4 Qe7 14. b5 c5 15. Qc1 Qe6 16. Ne1 Nxe4 17. Bxe4 Kh8 18. Bd5 Qd6 19. Ra1 Rxa1 20. Qxa1 f6 21. Bd2 Nb6 22. Bg2 f5 23. Qa7 h6 24. Nf3 g5 25. Ba5 Nd7 26. Rb1 e4 27. Ne1 Ne5 28. Bb6 Nd7 29. Ba5 e3 30. fxe3 dxe3 31. Nc2 f4 32. Be1 Ne5 33. Qa3 Bg4 34. d4 f3 35. dxe5 fxg2 36. exd6 Bh3 37. Nxe3 Rf1+ 0-1

[Event "Titled Tuesday intern op 13th Jun Late"]
[Site "Chess.com INT"]
[Date "2023.06.13"]
[Round "3"]
[White "Srivatsan, Karthikeyan"]
[Black "Lacey, Patrick"]
[Result "0-1"]
[WhiteElo "2001"]
[BlackElo "2184"]
[PlyCount "84"]
[EventDate "2023.06.13"]
[EventType "swiss (blitz)"]
[EventRounds "11"]
[EventCountry "USA"]
[SourceTitle "EXT 2024"]
[Source "ChessBase"]
[SourceDate "2023.10.10"]
[SourceVersion "1"]
[SourceVersionDate "2023.10.10"]
[SourceQuality "1"]

1. e4 c6 2. d4 d5 3. e5 Bf5 4. Nc3 e6 5. g4 Bg6 6. Nge2 c5 7. h4 h5 8. Nf4 Bh7 9. Nxh5 Nc6 10. Bb5 cxd4 11. Qxd4 Nge7 12. Bg5 Qc7 13. Qa4 Rc8 14. Bxe7 Bxe7 15. Bxc6+ bxc6 16. Nxg7+ Kf8 17. Nh5 Qxe5+ 18. Kd2 d4 19. Ne2 Be4 20. Rhe1 Bxh4 21. Rad1 Bxf2 22. Rf1 Be3+ 23. Ke1 Qh2 24. Qxa7 Rh7 25. Qc5+ Kg8 26. Rxd4 Rxh5 27. Qxh5 Qxh5 28. gxh5 Bxd4 29. Nxd4 c5 30. Rf4 cxd4 31. Rxe4 Rxc2 32. Rxd4 Rxb2 33. a4 Kg7 34. Kd1 Kh6 35. Kc1 Rb8 36. a5 Kxh5 37. a6 Kg5 38. Ra4 f5 39. Kd2 e5 40. Ke3 e4 41. a7 Ra8 42. Ra5 Kg4 0-1

[Event "Titled Tuesday intern op 09th May Late"]
[Site "Chess.com INT"]
[Date "2023.05.09"]
[Round "6"]
[White "Abdi, Farzad"]
[Black "Lacey, Patrick"]
[Result "1/2-1/2"]
[WhiteElo "2068"]
[BlackElo "2184"]
[PlyCount "173"]
[EventDate "2023.05.09"]
[EventType "swiss (blitz)"]
[EventRounds "11"]
[EventCountry "USA"]
[SourceTitle "CBM 214 Extra"]
[Source "ChessBase"]
[SourceDate "2023.07.31"]
[SourceVersion "1"]
[SourceVersionDate "2023.07.31"]
[SourceQuality "1"]

1. d4 d5 2. c4 Nc6 3. Nf3 Bg4 4. cxd5 Bxf3 5. gxf3 Qxd5 6. e3 e6 7. Nc3 Bb4 8. Rg1 Nge7 9. Bd2 Qh5 10. a3 Bd6 11. h3 0-0 12. Ne4 Kh8 13. f4 Qxd1+ 14. Rxd1 Rad8 15. Nxd6 cxd6 16. Rc1 d5 17. Bd3 g6 18. Ke2 Nf5 19. b4 Rc8 20. Rc5 b6 21. Rc2 Ncxd4+ 22. exd4 Nxd4+ 23. Kd1 Nxc2 24. Bxc2 Rc4 25. Bd3 Rc7 26. Be3 Kg8 27. Bd4 Rfc8 28. Kd2 Kf8 29. h4 h5 30. Bf6 Ke8 31. Re1 Kf8 32. Rb1 Rc6 33. Re1 a5 34. b5 Rc5 35. Be5 Kg8 36. Bd4 a4 37. Bxc5 Rxc5 38. Rc1 Kf8 39. Rxc5 bxc5 40. Bc2 Ke7 41. Bxa4 Kd6 42. Bc2 c4 43. a4 Kc5 44. Ke3 d4+ 45. Ke4 f6 46. f3 f5+ 47. Ke5 d3 48. Bb1 Kb4 49. Kd4 g5 50. fxg5 e5+ 51. Kxe5 Kc3 52. b6 d2 53. b7 d1Q 54. b8Q Qxf3 55. Qd6 Qg3+ 56. Ke6 Qxh4 57. Qe5+ Kb3 58. Qxf5 Qe1+ 59. Qe5 Qxb1 60. Qb8+ Ka2 61. Qxb1+ Kxb1 62. g6 c3 63. g7 c2 64. g8Q c1Q 65. Qb8+ Ka2 66. Qb5 Qe3+ 67. Kd6 Qf4+ 68. Kc6 h4 69. a5 h3 70. a6 Qf3+ 71. Kb6 Qf2+ 72. Kc7 h2 73. Qd5+ Kb2 74. Kb7 Qg1 75. a7 h1Q 76. Qxh1 Qxh1+ 77. Kb8 Qh8+ 78. Kb7 Qg7+ 79. Kb8 Qf8+ 80. Kb7 Qb4+ 81. Ka8 Qa5 82. Kb8 Qb6+ 83. Ka8 Qc6+ 84. Kb8 Kb3 85. a8Q Qe8+ 86. Kb7 Qxa8+ 87. Kxa8 1/2-1/2

[Event "Titled Tuesday intern op 09th May Late"]
[Site "Chess.com INT"]
[Date "2023.05.09"]
[Round "7"]
[White "Lacey, Patrick"]
[Black "Brueckner, Thomas"]
[Result "1-0"]
[WhiteElo "2184"]
[BlackElo "2360"]
[PlyCount "57"]
[EventDate "2023.05.09"]
[EventType "swiss (blitz)"]
[EventRounds "11"]
[EventCountry "USA"]
[SourceTitle "CBM 214 Extra"]
[Source "ChessBase"]
[SourceDate "2023.07.31"]
[SourceVersion "1"]
[SourceVersionDate "2023.07.31"]
[SourceQuality "1"]

1. Nf3 Nf6 2. c4 g6 3. Nc3 Bg7 4. g3 0-0 5. Bg2 d6 6. 0-0 Nc6 7. d3 Nh5 8. Bd2 f5 9. Rb1 a5 10. a3 f4 11. b4 axb4 12. axb4 Bg4 13. Nd5 fxg3 14. hxg3 Nd4 15. Nxd4 Bxd4 16. Ne3 Qd7 17. Bxb7 Rab8 18. Bd5+ Kh8 19. Nxg4 Qxg4 20. e3 Qxd1 21. Rfxd1 Bg7 22. Kg2 Nf6 23. Bf3 h5 24. Ra1 g5 25. Ra7 g4 26. Bc6 Rbc8 27. Rh1 Kg8 28. Bc3 e5 29. d4 1-0

[Event "Titled Tuesday intern op 09th May Late"]
[Site "Chess.com INT"]
[Date "2023.05.09"]
[Round "3"]
[White "Vaglio Munoz, Jaime"]
[Black "Lacey, Patrick"]
[Result "1-0"]
[WhiteElo "2174"]
[BlackElo "2184"]
[PlyCount "67"]
[EventDate "2023.05.09"]
[EventType "swiss (blitz)"]
[EventRounds "11"]
[EventCountry "USA"]
[SourceTitle "CBM 214 Extra"]
[Source "ChessBase"]
[SourceDate "2023.07.31"]
[SourceVersion "1"]
[SourceVersionDate "2023.07.31"]
[SourceQuality "1"]

1. d4 d5 2. c4 Nc6 3. Nf3 Bg4 4. cxd5 Bxf3 5. dxc6 Bxc6 6. Nc3 Nf6 7. f3 e5 8. dxe5 Qxd1+ 9. Kxd1 Nd7 10. f4 Bc5 11. e3 0-0-0 12. Ke1 Rhe8 13. a3 f6 14. b4 Bb6 15. b5 fxe5 16. bxc6 bxc6 17. f5 Nc5 18. Kf2 Ba5 19. Ne2 Rd1 20. Ng3 Red8 21. Bc4 Ne4+ 22. Nxe4 Rxh1 23. Bb2 Rxh2 24. Bxe5 Rh5 25. g4 Rh6 26. Be6+ Kb8 27. Rb1+ Bb6 28. a4 a5 29. Nc5 Ka7 30. Bd4 Rb8 31. Kg3 Ka8 32. Bxg7 Rxe6 33. Nxe6 Re8 34. Rxb6 1-0

[Event "Titled Tuesday intern op 7th Mar Late"]
[Site "Chess.com INT"]
[Date "2023.03.07"]
[Round "4"]
[White "Lacey, Patrick"]
[Black "Goncalves, Nata"]
[Result "1/2-1/2"]
[WhiteElo "2184"]
[BlackElo "2017"]
[PlyCount "68"]
[EventDate "2023.03.07"]
[EventType "swiss (blitz)"]
[EventRounds "11"]
[EventCountry "USA"]
[SourceTitle "EXT 2024"]
[Source "ChessBase"]
[SourceDate "2023.10.10"]
[SourceVersion "1"]
[SourceVersionDate "2023.10.10"]
[SourceQuality "1"]

1. Nf3 Nf6 2. c4 g6 3. Nc3 Bg7 4. g3 0-0 5. Bg2 c5 6. 0-0 Nc6 7. e3 e6 8. d4 cxd4 9. Nxd4 Nxd4 10. exd4 d5 11. cxd5 Nxd5 12. Be3 Nxc3 13. bxc3 Qc7 14. Qb3 Rb8 15. Rab1 b6 16. Rfe1 Ba6 17. Bf4 e5 18. dxe5 Bc4 19. Qa3 Be6 20. Red1 Bxe5 21. Bxe5 Qxe5 22. Qxa7 Qxc3 23. a4 Qa5 24. Qxa5 bxa5 25. Rb5 Bb3 26. Ra1 Rxb5 27. axb5 a4 28. b6 Rb8 29. b7 Kf8 30. Kf1 Ke7 31. Ke1 Kd6 32. Kd2 Bd5 33. Bxd5 Kxd5 34. Rxa4 Rxb7 1/2-1/2

[Event "Titled Tuesday intern op 7th Mar Late"]
[Site "Chess.com INT"]
[Date "2023.03.07"]
[Round "6"]
[White "Lacey, Patrick"]
[Black "Pinheiro, Iung Alicio"]
[Result "0-1"]
[WhiteElo "2184"]
[BlackElo "2306"]
[PlyCount "82"]
[EventDate "2023.03.07"]
[EventType "swiss (blitz)"]
[EventRounds "11"]
[EventCountry "USA"]
[SourceTitle "EXT 2024"]
[Source "ChessBase"]
[SourceDate "2023.10.10"]
[SourceVersion "1"]
[SourceVersionDate "2023.10.10"]
[SourceQuality "1"]

1. Nf3 d5 2. c4 e6 3. d4 h6 4. Nc3 Nf6 5. Bf4 Bd6 6. Ne5 0-0 7. e3 c5 8. Be2 cxd4 9. exd4 dxc4 10. Bf3 Nc6 11. 0-0 a6 12. Re1 Nd5 13. Nxd5 exd5 14. Bxd5 Nxe5 15. dxe5 Bb4 16. Re3 Be6 17. Bxe6 Qxd1+ 18. Rxd1 fxe6 19. Bg3 Rad8 20. Rb1 Rd2 21. Kf1 Bc5 22. Re2 Rfd8 23. Rc1 b5 24. Bf4 R2d3 25. g3 R8d5 26. h4 Kf7 27. h5 a5 28. Kg2 a4 29. a3 Bd4 30. Rcc2 Rb3 31. Re4 Rxb2 32. Rce2 Rxe2 33. Rxe2 Bc5 34. Bc1 Rd3 35. Re4 Bxa3 36. Rf4+ Ke8 37. Be3 Bb2 38. Rg4 Kf7 39. Rf4+ Ke8 40. Re4 a3 41. Bc5 a2 0-1